000 00560nam a2200181Ia 4500
008 240729s9999 xx 000 0 und d
022 _a2789-7362
245 0 _aIraqi Journal of Information & Communication Technology
260 _aIraq
260 _bCollege of Information Engineering
650 _a Industrial engineering. Management engineering
650 _a Information technology
650 _a Technology (General)
650 _aTechnology
856 _uhttps://doaj.org/toc/4d9268a887324f6bac09b9d0febce0a5
942 _2ddc
942 _cDOAJEJ
999 _c68574
_d68574
945 _a1
_bMadushi Gamage
_c1
_dMadushi Gamage